| 000 | 00573nam a22001817a 4500 | ||
|---|---|---|---|
| 005 | 20251108173007.0 | ||
| 008 | 250721s1996 xx 000 0 ara d | ||
| 082 | 1 | 4 | _aم/413.12/أحم |
| 100 | 1 | _aالرومي، احمد البشر | |
| 245 | 1 | 0 | _aمعجم المصطلحات البحريه في الكويت / |
| 264 | 1 |
_aالكويت : _bمركز البحوث و الدراسات الكويتية، _c1996. |
|
| 300 | _a274ص | ||
| 650 | 1 | 7 | _aمعاجم المصطلحات |
| 650 | 1 | 7 | _aالبحر |
| 650 | 1 | 7 | _aالكويت |
| 942 |
_2ddc _cREF |
||
| 999 |
_c93587 _d93587 |
||